| 000 | 01632nam a2200397 a 4500 | ||
|---|---|---|---|
| 001 | ebr10254887 | ||
| 003 | CaPaEBR | ||
| 006 | m u | ||
| 007 | cr cn||||||||| | ||
| 008 | 080728s2008 enkab sb 001 0 eng | ||
| 010 | _z 2008298290 | ||
| 015 |
_aGBA791082 _2bnb |
||
| 016 | 7 |
_z014276589 _2Uk |
|
| 020 | _z9781845116453 (hbk.) | ||
| 020 | _z1845116453 (hbk.) | ||
| 040 |
_aCaPaEBR _cCaPaEBR |
||
| 035 | _a(OCoLC)298821333 | ||
| 043 | _aa-ir--- | ||
| 050 | 1 | 4 |
_aDS286 _b.P68 2008eb |
| 082 | 0 | 4 |
_a935.07 _222 |
| 100 | 1 | _aPourshariati, Parvaneh. | |
| 245 | 1 | 0 |
_aDecline and fall of the Sasanian empire _h[electronic resource] : _bthe Sasanian-Parthian confederacy and the Arab conquest of Iran / _cParvaneh Pourshariati. |
| 260 |
_aLondon ; _aNew York : _bI.B. Tauris in association with the Iran Heritage Foundation ; _aNew York : _bDistributed in the U.S.A. by Palgrave Macmillan, _c2008. |
||
| 300 |
_axiv, 537 p. : _bill., maps. |
||
| 504 | _aIncludes bibliographical references (p. 473-498) and index. | ||
| 533 |
_aElectronic reproduction. _bPalo Alto, Calif. : _cebrary, _d2013. _nAvailable via World Wide Web. _nAccess may be limited to ebrary affiliated libraries. |
||
| 650 | 0 | _aSassanids. | |
| 650 | 0 | _aParthians. | |
| 651 | 0 |
_aIran _xForeign relations _zRome. |
|
| 651 | 0 |
_aRome _xForeign relations _zIran. |
|
| 651 | 0 |
_aIran _xForeign relations _yTo 640. |
|
| 651 | 0 |
_aIran _xHistory _yTo 640. |
|
| 655 | 7 |
_aElectronic books. _2local |
|
| 710 | 2 | _aebrary, Inc. | |
| 856 | 4 | 0 |
_uhttp://site.ebrary.com/lib/rucke/Doc?id=10254887 _zAn electronic book accessible through the World Wide Web; click to view |
| 999 |
_c14652 _d14652 |
||